Through the jungle very softly : (Record no. 12390)
[ view plain ]
| 000 -LEADER | |
|---|---|
| fixed length control field | 01003nam a22002652 4500 |
| 001 - CONTROL NUMBER | |
| control field | 12390 |
| 003 - CONTROL NUMBER IDENTIFIER | |
| rucl marc code | BD-RjUL |
| 005 - DATE AND TIME OF LATEST TRANSACTION | |
| control field | 20211208235302.0 |
| 008 - FIXED-LENGTH DATA ELEMENTS--GENERAL INFORMATION | |
| fixed length control field | 140128s1963 enk 000 0 eng d |
| 035 ## - SYSTEM CONTROL NUMBER | |
| System control number | (BD-RjUL)12439 |
| 040 ## - CATALOGING SOURCE | |
| Original cataloging agency | ABC |
| Transcribing agency | ABC |
| Modifying agency | EQO |
| -- | BD-RjUL |
| Language of cataloging | eng |
| 041 1# - LANGUAGE CODE | |
| Language code of text/sound track or separate title | engger |
| 082 ## - DEWEY DECIMAL CLASSIFICATION NUMBER | |
| Classification number | 591.9593 |
| Author mark and year | KOT 1963 |
| 090 ## - LOCALLY ASSIGNED LC-TYPE CALL NUMBER (OCLC); LOCAL CALL NUMBER (OCLC) | |
| Classification number (OCLC) (R) ; Classification number, CALL (RLIN) (NR) | QL62 |
| Local cutter number (OCLC) ; Book number/undivided call number, CALL (RLIN) | .K673 1963b |
| 100 1# - MAIN ENTRY--PERSONAL NAME | |
| Personal name | Koch-Isenburg, Ludwig. |
| 9 (RLIN) | 38470 |
| 245 10 - TITLE STATEMENT | |
| Title | Through the jungle very softly : |
| Remainder of title | a quest for wild animals in the Far East / |
| Statement of responsibility, etc. | Ludwig Koch-Isenburg ; translated from the German by Richard and Clara Winston. |
| 260 ## - PUBLICATION, DISTRIBUTION, ETC. (IMPRINT) | |
| Place of publication, distribution, etc. | London : |
| Name of publisher, distributor, etc. | Travel Book Club, |
| Date of publication, distribution, etc. | c1963. |
| 300 ## - PHYSICAL DESCRIPTION | |
| Pagination | viii, 214 p. : |
| Illustrations | illus. ; |
| Size | 21 cm. |
| 500 ## - GENERAL NOTE | |
| General note | American ed. published under title: The realm of the green Buddha. |
| General note | Translation of Im Reich des grünen Buddha. |
| 650 #0 - SUBJECT ADDED ENTRY--TOPICAL TERM | |
| Topical term or geographic name as entry element | Zoological specimens |
| General subdivision | Collection and preservation. |
| 9 (RLIN) | 38471 |
| Topical term or geographic name as entry element | Zoology |
| Geographic subdivision | Thailand. |
| 9 (RLIN) | 38472 |
| 651 #0 - SUBJECT ADDED ENTRY--GEOGRAPHIC NAME | |
| Geographic name | Thailand |
| General subdivision | Description and travel. |
| 9 (RLIN) | 38473 |
| 942 ## - ADDED ENTRY ELEMENTS (KOHA) | |
| Source of classification or shelving scheme | Dewey Decimal Classification |
| Koha item type | Books |
| Lost status | Source of classification or shelving scheme | Damaged status | Not for loan | Collection code | Permanent Location | Current Location | Shelving location | Date acquired | Source of acquisition | Cost, normal purchase price | Total Checkouts | Full call number | Date last seen | Copy number | Koha item type |
|---|---|---|---|---|---|---|---|---|---|---|---|---|---|---|---|
| Dewey Decimal Classification | Not For Loan | Non-fiction | Central Library, University of Rajshahi | Central Library, University of Rajshahi | Reading Room | 06/07/1964 | Zeitlinger | 25.00 | 591.9593 KOT 1963 | 28/01/2014 | C-1 | Books |